000 00557nam a22002057a 4500
003 OSt
005 20180116182956.0
008 140418b xxu||||| |||| 00| 0 eng d
020 _a9780324581638
040 _a0
_b0
_c0
082 _a658.804 HUT 2010
100 _aMichael D. Hutt
245 _aBusiness Marketing Management
_cMichael D. Hutt
250 _aInternational Edition
_b10 Ed.
260 _aUK USA
_bCengage Learning
_c2010
300 _a652p
_bPB
440 _aBusiness Marketing Management
600 _aMichael D. Hutt
942 _2ddc
_cBK
999 _c349648
_d349648